000 00685nam a2200277Ia 4500
005 20260324135916.0
008 008 260324s9999 xx 000 0 eng d
020 _a9781315539034
037 _aEBOOK
040 _aCRL
040 _beng
040 _cCRL
041 _2eng
041 _aeng
084 _qCRL
100 _aChris Code; Skye McDonald; Leanne Togher
_91202378
245 0 _aCommunication Disorders Following Traumatic Brain Injury
260 _bTaylor and Francis
260 _c1999
365 _a
365 _b250
856 _uhttp://www.taylorfrancis.com/books/9781315539034
942 _cEBOOK
999 _c1803923
_d1803923